000 00577nam a2200229Ia 4500
999 _c345
_d345
020 _a0-408-70799-2
082 _a025.3494 TEA-;
100 _aTeague, S.J.
245 0 _aMicroform librarianship
260 _aLondon
_bButterworths
_c1977
300 _a177p.
650 _aLibrarianship
650 _aMicrofiche services
650 _aLibrary services
650 _aMicroforms
650 _aLibrary science
650 _aLibrary services
650 _aLibraries - Special collections
650 _aNonbook materials
650 _aAudio-visual materials
942 _cBK